| 000 | 00689nam a2200289Ia 4500 | ||
|---|---|---|---|
| 008 | 210210b2011 xxu||||| |||| 00| 0 eng d | ||
| 020 | _a9788131603956 | ||
| 041 | _aeng | ||
| 082 | _a305.4 LALW | ||
| 100 | _aLALITHA (Vakulabharanam) | ||
| 245 | _aWomen religion and tradition: the cult of jogins matangis and basvis | ||
| 260 |
_aJaipur _bRawat Publications _c2011 |
||
| 300 | _axiii-298 | ||
| 650 | _aWomen | ||
| 650 | _atradition: | ||
| 650 | _athe | ||
| 650 | _areligion | ||
| 650 | _aof | ||
| 650 | _amatangis | ||
| 650 | _ajogins | ||
| 650 | _aDevadasi | ||
| 650 | _acult | ||
| 650 | _abasvis | ||
| 650 | _aand | ||
| 690 | _aWomen Studies | ||
| 906 | _a066184 | ||
| 999 |
_c146562 _d146562 |
||